Miss Europe de 1927 à 2024 - Statistiques

Statistiques générales
  • Ce quiz a été pris 12 fois
    5 depuis la dernière actualisation
  • Le résultat moyen est 10 sur 69
Statistiques - réponses
Année Nom Pays % Correct
2001 Elodie Gossuin France
67%
2006 Alexandra Rosenfeld France
67%
1927 Stefica Vidacic Yougoslavie
67%
1972 Monika Sarp Allemagne
33%
2005 Shermine Shahrivar Allemagne
33%
1947 Yvette Draux Belgique
33%
1935 Alicia Navarro Espagne
33%
1936 Antonia Arquès Espagne
33%
1962 Maruja Garcia Nicolau Espagne
33%
1967 Paquita Torres Pérez Espagne
33%
1974 Maria Isabel Lorenzo Saavedra Espagne
33%
2019 Andrea de las Heras Espagne
33%
1931 Jeanne Julia France
33%
1948 Jacqueline Donny France
33%
1949 Juliette Figueras France
33%
1954 Danielle Génault France
33%
1966 Maria Dornier France
33%
2003 Zsuzsanna Laky Hongrie
33%
1953 Eloisa Cianni Italie
33%
1960 Anna Ranalli Italie
33%
1988 Michele Rocco di Torrepadula Italie
33%
1996 Marie-Claire Harrison Royaume-Uni
33%
1933 Tatiana Marlov Russie
33%
1999 Yelena Rogozhina Russie
33%
2002 Svetlana Koroleva Russie
33%
2018 Anastasiya Ammosova Russie
33%
1951 Jacqueline Genton Suisse
33%
1956 Margit Nunke Allemagne
0%
1961 Ingrun Helgard Mockel Allemagne
0%
1965 Juliana Herm Allemagne
0%
1950 Hanni Schall Autriche
0%
1958 Johanna Ehrenstrasser Autriche
0%
1959 Christine Spatzier Autriche
0%
1978 Eva Maria Duringer Autriche
0%
1980 Karin Zorn Autriche
0%
1932 Ase Clausen Danemark
0%
1981 Anne Mette Larsen Danemark
0%
1970 Noelia Alfonso Cabrera Espagne
0%
1985 Juncal Rivero Fadrique Espagne
0%
1934 Ester Toivonen Finlande
0%
1937 Britta Wikstrom Finlande
0%
1938 Sirkka Salonen Finlande
0%
1955 Inga-Britt Soderberg Finlande
0%
1968 Leena Marketta Brusiin Finlande
0%
1976 Ritta Inkeri Vaisanen Finlande
0%
2016 Diana Starkova France
0%
2020 Lara Jalloth France
0%
1930 Aliki Diplarakou Grèce
0%
1991 Katerina Michalopoulou Grèce
0%
1992 Marina Tsintikidou Grèce
0%
1997 Isabelle Darras Grèce
0%
1929 Elisabeth Simon Hongrie
0%
1994 Lilach Ben-Simon Israël
0%
2017 Diana Kubasova Lettonie
0%
1963 Mette Stenstad Norvège
0%
1957 Corine Rottschafer Pays-Bas
0%
1964 Elly Konie Koot Pays-Bas
0%
1973 Anke Maria Groot Pays-Bas
0%
2022 Nikolina Baljak Serbie
0%
2023 Barbara Suter Suisse
0%
1995 Monika Zidkova Tchéquie
0%
1952 Gunseli Basar Turquie
0%
1971 Filiz Vural Turquie
0%
1982 Nazli Deniz Kuruoglu Turquie
0%
1984 Nese Erberk Turquie
0%
1993 Arzum Onan Turquie
0%
2018 Anna Shornikova Ukraine
0%
2024 Yulia Karpets Ukraine
0%
1969 Sasa Zajc Yougoslavie
0%
Aucun quiz correspondant
Distribution des résultats
% des personnes avec chaque résultat
Percentile par nombre de réponses
Votre historique - résultats
Vous n’avez pas pris ce quiz depuis la dernière actualisation